Los acontecimientos de actualidad y su utilización en la tarea del aula /
Guardado en:
| Formato: | Libro |
|---|---|
| Publicado: |
Buenos Aires :
Kapelusz,
1972
|
| Series: | Cuadernos pedagógicos; No. 22
|
| Materias: | |
| Etiquetas: |
Agregar Etiqueta
Sin Etiquetas, Sea el primero en etiquetar este registro!
|
| LEADER | 00808nam a22001935a 4500 | ||
|---|---|---|---|
| 001 | CEM.cems010860 | ||
| 005 | 20080311130307.0 | ||
| 008 | 130507s1972##################000#0#####d | ||
| 003 | CEMS | ||
| 082 | 0 | 4 | |a SG371.33 |
| 245 | 0 | 0 | |a Los acontecimientos de actualidad y su utilización en la tarea del aula / |
| 260 | |a Buenos Aires : |b Kapelusz, |c 1972 | ||
| 300 | |a 39 p. | ||
| 490 | 0 | |a Cuadernos pedagógicos; No. 22 | |
| 505 | 0 | |a Los sucesos de actualidad en la tarea del aula -- Su objeto -- Fundamentos de su aplicación -- Objetivos -- Aprendiendo a utilizar periódicos -- Aprendiendo a utilizar las noticias -- Como utilizar otros medios | |
| 653 | |a Biblioteca maría de los angeles saggio | ||
| 653 | |a Diario en el aula | ||
| 653 | |a Educación | ||
| 859 | |a CEMS |b BIB. CEMS - 11 de abril |h SG371.33 |i K14 |p 21559.01 |t Ej.1 | ||
